Loading...
Painting/Sculpture | 0 | 5 | 2 | 0 | 40 | 22 | 50.60 | 4 | 5 |
Science - Chemistry | 0 | 4 | 1 | 1 | 35 | 52 | 73.75 | 0 | 1 |
Fine Arts - Classical Music | 0 | 3 | 0 | 0 | 30 | 87 | 98.67 | 0 | 2 |
Mythology | 0 | 3 | 0 | 0 | 30 | 55 | 86.00 | 0 | 2 |
Science - Physics | 0 | 2 | 0 | 0 | 20 | 71 | 78.00 | 0 | 1 |
Pop Culture | 0 | 2 | 0 | 0 | 20 | 47 | 69.00 | 0 | 1 |
Science - Biology | 0 | 2 | 0 | 0 | 20 | 47 | 56.00 | 1 | 1 |
Science - Other Science | 0 | 2 | 1 | 1 | 15 | 45 | 70.00 | 0 | 1 |
Literature - American Literature | 0 | 1 | 0 | 0 | 10 | 109 | 109.00 | 0 | 0 |
Literature - World Literature | 0 | 1 | 0 | 0 | 10 | 55 | 55.00 | 1 | 1 |
History - American History | 0 | 1 | 0 | 0 | 10 | 49 | 49.00 | 0 | 1 |
History - World History | 0 | 1 | 0 | 0 | 10 | 22 | 22.00 | 1 | 1 |
Social Science | 0 | 1 | 1 | 0 | 5 | 84 | 84.00 | 0 | 0 |
Religion | 0 | 1 | 1 | 0 | 5 | 75 | 75.00 | 0 | 1 |
Fine Arts - Other Fine Arts | 0 | 0 | 1 | 0 | -5 | 0.00 | 0 | 0 | |
Literature - British Literature | 0 | 0 | 1 | 0 | -5 | 0.00 | 0 | 0 |